1921 1841 1380 1396 1434 1295 1921 1110 1323 1675 1175 1575 1267 1078 1815 1408 1586 1397 1050 1873 1827 1050 1341 1898 1006 1724 1164 1806 1154 1287 1976 1704 1944 1526 1894 1479 1567 1467 1691 1572 1938 1878 1593 1533 1568 1716 1515 1103 1521 1454 1029 1135 1462 1505 1968 1850 1371 1007 1411 1711 1361 1521 1848 1335 1255 1784 1722 1881 1521 1337 1462 1394 1915 1797 1942 1303 1936 1179 1450 1152 1304 1990 1854 1210 1256 1864 1735 1551 1659 1975 1856 1904 1102 1575 1597 1258 1662 1928 1118 BCNSPRNW ULIB Ver.6.0+V

เปลี่ยนเป็นภาษาไทย

Change to English
 แสดงรายละเอียดบรรณานุกรม
  กลับหน้าหลัก

Brief Record : Get Marc (ISO 2709) : E-mail record : QR code < ปิดหน้าต่าง
LEADER : 00000nam 2200000uu 4500
001    13399111999
003     ULIB
008    110719s2553||||th 000 0 tha d
020    6169059110
090    นว.^bพ323ม 2553
100 0   พระจันทร์เจ้าขา
245 00  มนต์รักหนุ่มบ้านไร่/^cพระจันทร์เจ้าขา
250     พิมพ์ครั้งที่ 1
260     กรุงเทพฯ :^bยูแพคอินเตอร์,^c2553
300     469 หน้า
945    ^p265^l0^i028087
995     เกษร
999     ^aใช้งานได้ทุกระบบ
รายการนี้ยังไม่มีแท็ก
คุณยังไม่ได้ล็อกอิน คุณสามารถมีกิจกรรมร่วมกับเว็บไซต์ได้ แต่ต้องล็อกอินก่อน ::
  ล็อกอิน

รายการสื่อสารสนเทศ

ลำดับที่ ประเภท เลขเรียก/บาร์โค้ด สถานที่ สถานะ
1. นวนิยาย
นวนิยาย
นว. พ323ม 2553  
  Barcode: 028087
ห้องสมุดวิทยาเขตสวรรค์ประชารักษ์
►นวนิยาย
บนชั้น
  ขอยืม

BibComment


ยังไม่เคยถูกคอมเมนท์

คอมเมนท์ทรัพยากรรายการนี้
  คอมเมนท์: มนต์รักหนุ่มบ้าน..


 Copyright 2026. Bcnsprnw @Library